Invitación a la Biología

Gespeichert in:
Bibliographische Detailangaben
1. Verfasser: Curtis, Helena
Weitere Verfasser: Barnes, N. Sue
Format: Buch
Sprache:Spanisch
Veröffentlicht: Barcelona, España Médica Panamericana 1995
Ausgabe:Quinta edición
Schlagworte:
Tags: Tag hinzufügen
Keine Tags, Fügen Sie den ersten Tag hinzu!

MARC

LEADER 00000cam a2200000 a 4500
001 UCD7972
003 CL-VaPUC
005 20230112074259.0
008 170422e19950000sp |||||||||||||||||spa|d
999 |c 367783  |d 367781 
020 |a 8479031999 
040 |c Pontificia Universidad Católica de Valparaíso 
082 0 4 |a 570 CUR 1995  |2 21 
100 0 |a Curtis, Helena  |9 591855 
245 1 0 |a Invitación a la Biología 
250 |a Quinta edición 
260 0 3 |a Barcelona, España  |b Médica Panamericana  |c 1995 
300 |a 862 páginas 
583 |a last modification  |c 20170422 00:05:00  |k Rodrigo Vera 
650 0 |a Biología  |9 262022 
650 0 |a Genética  |9 259443 
650 0 |a Biología de las plantas  |9 432723 
650 7 |a BIOLOGIA DE LOS ANIMALES  |2 CL-VaPUC  |9 502573 
700 0 |a Barnes, N. Sue  |9 591856 
942 |c BK  |2 ddc 
945 |d 20170422 00:05:00  |a dcastane 
952 |0 0  |1 0  |2 ddc  |3 erb  |4 0  |6 570_000000000000000_CUR_1995  |7 0  |8 A  |9 482863  |a BIBCUR  |b BIBCUR  |i 5388686  |o 570 CUR 1995  |p 5388686  |r 2025-04-22  |t 1  |w 2019-11-24  |y BK  |z Catalogado en:20170422  |k BIO